Postacie z serialu „Zadzwoń do Saula" - Statystyki

Ogólne statystyki
  • Ten quiz został rozwiązany 123 razy
  • Średni wynik to 8 z 10
Statystyki odpowiedzi
Hint Odpowiedź % Poprawnych
Dawny oszust i kanciarz. Przez całą fabułę dochodzi do jego przemiany. Jimmy McGill / Saul Goodman
97%
Kochający dziadek i ojciec. Pragnie odnaleźć się w nowej rzeczywistości i zabezpieczyć finansowo swoją rodzinę. Mike Ehrmantraut
92%
Brat głównego bohatera. Cierpi na nadwrażliwość elektromagnetyczną, przez co musi nosić folię, w której wygląda jak kebab. Chuck McGill
89%
Chilijski właściciel sieci restauracji. Planuje wybudować ogromne laboratorium, w którym zatrudni potem Jessego i Walta. Gustavo Fring
89%
Partnerka głównego bohatera. Chwalona przez widzów za bycie postacią kobiecą, która to w końcu nie wkurza na każdym kroku. Kim Wexler
89%
Don rodziny Salamanców. Zawsze wpaja swoim podopiecznym, iż rodzina jest najważniejsza. Hector Salamanca
88%
Właściciel firmy HHM. Irytujący i wywyższający się ponad każdego prawnik. Howard Hamlin
84%
Aspirujący, pomniejszy kryminalista. Wraz z upływem fabuły, ma coraz większe wpływy u rodziny Salamanców. Nacho Varga
83%
Dalszy krewny Salamanców. Przybywa do Alberquerque, aby uregulować działanie rodziny i jej zyski. Lalo Salamanca
79%
Krótkoterminowy pracodawca głównego bohatera. Wywala go, kiedy ten postanowił odstresować się graniem na dudach. Clifford Main
36%
Nie znaleziono quizów pasujących do podanych kryteriów
Rozkład punktacji
Procent ludzi z każdym wynikiem
Percentyl według liczby udzielonych odpowiedzi
Twoja historia wyników
Nie rozwiązałeś tego quizu